000 00973nam0a22002651 4500
001 rc\131822
005 20260405165448.0
010 _a5-7038-0331-4
_91000
035 _a(NLR Aleph) 005406032
090 _a7323588
_c7323588
100 _a20030307d1993 |||y0rusy50 ca
101 0 _arus
102 _aRU
105 _aa |||||||||
200 1 _aРасчет многослойных конструкций вариационно-матричными методами
_e[Учеб. пособие для машино- и приборостроит. спец.]
210 _aМ.
_cИзд-во МГТУ
_d1993
215 _a292, [1] с.
_cил.
_d22
320 _aБиблиогр.: с. 289-290 (39 назв.)
700 1 _8rus
_7ca
_aПопов
_bБ. Г.
_cд-р техн. наук
_gБорис Глебович
_3RU\NLR\AUTH\7771368
_954296
801 0 _aRU
_bNLR
_gpsbo
801 1 _aRU
_bELAR
_2rusmarc
852 _aNLR
_j93-5/1792
942 _cBOOK
980 _aNB